| 000 | 01017nam a22002777a 4500 | ||
|---|---|---|---|
| 003 | DO-SdBNP | ||
| 005 | 20221212111746.0 | ||
| 007 | ta | ||
| 008 | 210317b20202022dr ||||gr|||| 001 edspa d | ||
| 020 | _a9789945618129, v.1 | ||
| 020 | _a9789945618709, v.2 | ||
| 040 |
_aDO-SdBNP _bspa _cBNPHU |
||
| 082 | 4 |
_aRD861.44 _bG216c _222 |
|
| 100 | 1 | 0 |
_aGarcía Romero, Dinorah _978166 |
| 245 | 1 | 0 |
_aConversaciones con Dios / _cDinorah García Romero |
| 260 |
_aSanto Domingo : _bAmigo del Hogar, _c2020 |
||
| 300 |
_a2 v. ; _c24 cm |
||
| 500 | _aIncluye datos biográficos de la autora en la solapa de la cubierta. | ||
| 505 |
_av.1 _tPresentación. _tPoética de la cotidianidad en Conrvesaciones con Dios de Dinorah García Romero. |
||
| 505 |
_av. 2 _tPresentación. _tPerspectiva teológica y espiritual.-- _tConversaciones con Dios. |
||
| 590 | _aInventariado, 2021 / DG | ||
| 650 | 4 |
_aPoesía dominicana _978375 |
|
| 650 | 4 |
_aLiteratura dominicana _978376 |
|
| 910 | _aInventariado, 2021 / DG | ||
| 942 |
_2ddc _cLBS1 |
||
| 999 |
_c49606 _d49606 |
||